Vállalkozások jövedelmezőségi és hatékonysági mutatóinak hátterében megbúvó kapcsolatok

Bibliográfiai részletek
Szerző: Vigh Ágnes
További közreműködők: Pucsek Dr. József
Dokumentumtípus: Diplomadolgozat
Kulcsszavak:jövedelmezőség
hatékonyság
többváltozós statisztikai módszerek
Online Access:http://dolgozattar.uni-bge.hu/11629

MARC

LEADER 00000nta a2200000 i 4500
001 dolg11629
005 20170516124547.0
008 170516suuuu hu om 000 hun d
040 |a BGE Dolgozattár Repozitórium  |b hun 
041 |a hu 
100 1 |a Vigh Ágnes 
245 1 0 |a Vállalkozások jövedelmezőségi és hatékonysági mutatóinak hátterében megbúvó kapcsolatok  |c Vigh Ágnes  |h [elektronikus dokumentum] 
695 |a jövedelmezőség 
695 |a hatékonyság 
695 |a többváltozós statisztikai módszerek 
700 1 |a Pucsek Dr. József  |e ths 
856 4 0 |u http://dolgozattar.uni-bge.hu/11629/1/Vigh%20%C3%81gnes_Szakdolgozat.pdf  |z Dokumentum-elérés